00929nam a2200277Ia 4500001000700000008004100007020001800048082001600066100002000082245013000102260002200232300001100254500005800265503002600323504003300349650002400382650001200406650001400418650001200432650001600444650003600460650002900496650003800525650002200563700006600585Z_1163220601s9999 xx 000 0 und d a968-18-3209-4 a636.508 H39 aHaynes, Cynthia aCría doméstica de pollos / Haynes Cynthia; versión española Martha Aurora Arrioja Juárez; revisión Lucio Decanini aMéxico : Limusa a327 p. aTraducción de la obra en inglés: Raising chickens aej.1: C/E \ ej.2: C/E aBibliografía: p. 321 - 323 a1. Aves de corral  aPollos  agallinas  agallos  aAvucltura  aAves de corral -- Enfermedades  aAves de corral -- Razas  aAves de corral -- Alimentación  aHuevos de gallina aArrioja Juarez, Martha Aurora, tr. \ Decanini, Lucio, rev.Ì